Proyecto para solucionar el problema de la cesantía /

Gespeichert in:
Bibliographische Detailangaben
1. Verfasser: Arias M, Ernesto
Format: Text
Tags: Tag hinzufügen
Keine Tags, Fügen Sie den ersten Tag hinzu!

MARC

LEADER 00000 a a2200000 04500
001 3083
003
040
100 |a Arias M, Ernesto  
245 |a Proyecto para solucionar el problema de la cesantía /  |c Ernesto Arias M 
773 |g volumen 4, número 2; páginas 95-98  
999 |c 32434  |d 32434